000 00431nam a2200169 a 4500
001 5722
003 CO-ViMGA
008 141112s2004 ck r 000 u spa d
040 _aCO-ViMGA
_bspa
_cCO-ViMGA
082 0 4 _a777.3 M676
100 1 _aMoroni, Carlos Eduardo
_94185
245 1 0 _aLa promesa al público
260 _aBuenos Aires :
_bDepalma,
_c1990
300 _a160 p
650 1 4 _aPROMESA - ética
_94186
942 _2ddc
_cBK
999 _c17703
_d17703